00400 a2200121 4500001000900000005001700009008004100026245008500067100002100152700002100173773006900194999001500263ART_789320260410161556.0260409a 10aModelo contables de activos intangibles representados por el capital intelectual1 aSimaro, Jorge D.1 aTonelli, Omar E.0 tProfesional & Empresariag- Año XI, Nº 117 (jun. 2009)wREV70 c9223d9223